000 00521nam a2200229 a 4500
001 nice12345678
003 IN_TiNIC
005 20260116011321.0
008 050524s1915 alaa grp 000 0 eng
020 _a
_c7
082 0 0 _a297.64
_bCP
245 _aLife of Omer
260 _aAlahabad
_bCity Press
_c1915
300 _a151p
500 _aincludes index and biblioraphy
505 2 _abibliography, index
650 _aUmer-Caliph
710 2 _aCity Press
902 _bSRS
942 _cBK
999 _c446
_d446